La Fluidità sessuale : la varianza dell'orientamento e del comportamento sessuale /

সংরক্ষণ করুন:
গ্রন্থ-পঞ্জীর বিবরন
প্রধান লেখক: Dèttore, Davide, (1954-)
অন্যান্য লেখক: Lambiase, Emiliano
বিন্যাস: গ্রন্থ
ভাষা:ইতালিয়
প্রকাশিত: Roma : Alpes Italia, 2011
মালা:I sensi del sesso
ট্যাগগুলো: ট্যাগ যুক্ত করুন
কোনো ট্যাগ নেই, প্রথমজন হিসাবে ট্যাগ করুন!

MARC

LEADER 00000nam a22000007i 4500
001 IT\ICCU\REA\0271594
003 ItRI
005 20260115232129.0
008 130808s2011 it |||||| ||||| |||||c
020 |a 9788865310533 
040 |b ita  |c importazione bologna sebina 
041 7 |a ita  |2 ISO-639-2 
100 1 |a Dèttore, Davide,  |d  (1954-)  |0 IT\ICCU\CFIV\066365 
240 1 3 |a La fluidità sessuale  |3 IT\ICCU\UBO\4291898 
245 1 3 |a La Fluidità sessuale :  |b la varianza dell'orientamento e del comportamento sessuale /  |c Davide Dettore, Emiliano Lambiase. 
260 |a Roma :  |b Alpes Italia,  |c 2011 
300 |a VII, 98 p. ;  |c 24 cm. 
700 1 |a Lambiase, Emiliano  |0 IT\ICCU\TO0V\416534 
830 2 |a I sensi del sesso  |0 IT\ICCU\REA\0285063 
942 |2 ddc  |c BK  |n 0 
952 |0 0  |1 0  |4 0  |6 DOC_155_340000000000000_DET  |7 0  |9 20580  |a BO  |b BO  |d 2026-01-15  |i 18657  |l 0  |o DOC 155.34 DET  |p BO18657  |r 2026-01-15 23:21:29  |w 2026-01-15  |x [Sebina 5] [1 v.]  |y BK  |z 1 v. 
999 |c 17571  |d 17571